Carregant...

Sahityik shodh:pravidhi ave vyapti/

Dades bibliogràfiques
Autor principal: Uma Shukla
Format: Printed Book
Publicat: Bombay: Aravind Prakashan, 1990.
LEADER 00374 a2200109 4500
100 |a Uma Shukla 
245 |a Sahityik shodh:pravidhi ave vyapti/  |c Uma Shukla And Madhuri Chheda 
260 |a Bombay:  |b Aravind Prakashan,  |c 1990. 
300 |a 93p. 
942 |2 ddc  |c BK 
999 |c 239070  |d 239070 
952 |0 0  |1 0  |4 0  |7 0  |9 265459  |a HIN  |b HIN  |c S-52  |d 2011-08-03  |i 14597  |l 0  |p HIN14597  |r 2011-08-03  |w 2014-02-07  |y BK